[Event "Niederoesterreichische Landesliga"]
[Site "Verschiedene"]
[Date "2018.09.30"]
[Round "1"]
[Board "1"]
[White "Ganaus, Hannes"]
[Black "Rubil, Marko"]
[Result "1-0"]
[WhiteElo "2290"]
[BlackElo "2201"]
[PlyCount "101"]
[EventDate "2018.09.30"]
[EventType "team"]
[EventRounds "11"]
[EventCountry "AUT"]
[WhiteTeam "ASVOE VHS Poechlarn"]
[BlackTeam "SK Advisory Invest Baden"]

1. Nf3 f5 2. d4 Nf6 3. c4 g6 4. Nc3 Bg7 5. Bf4 O-O 6. e3 d6 7. c5 Kh8 8. Bc4 e6
9. cxd6 cxd6 10. O-O Qe7 11. Qb3 Rd8 12. Qa3 Bf8 13. Rac1 b6 14. Nb5 h6 15. Bd3
Ne8 16. e4 Bb7 17. e5 Bxf3 18. exd6 Qb7 19. gxf3 Nc6 20. d5 Na5 21. b4 Qxd5 22.
bxa5 Qxf3 23. Be5+ Kh7 24. Bc4 Qxa3 25. Nxa3 Nxd6 26. Bxe6 h5 27. Rc7+ Kh6 28.
Nc4 Ne4 29. f3 Bc5+ 30. Kg2 Ng5 31. Bf4 Rd4 32. Bxg5+ Kxg5 33. Rd7 b5 34. Rxd4
Bxd4 35. Nd2 Re8 36. f4+ Kf6 37. Nb3 Rxe6 38. Nxd4 Ra6 39. Nb3 Rc6 40. Rf2 Rc3
41. Rd2 h4 42. Rd6+ Kg7 43. Rd7+ Kh6 44. Rxa7 Kh5 45. Rd7 Kg4 46. Rd4 Rc2+ 47.
Rd2 Rc4 48. Nd4 Ra4 49. Ne2 Rxa5 50. Rd3 Ra6 51. Rb3 {Rest unleserlich}  1-0

[Event "Niederoesterreichische Landesliga"]
[Site "Verschiedene"]
[Date "2018.09.30"]
[Round "1"]
[Board "2"]
[White "Hofegger, Jakob"]
[Black "Ernst, Michael"]
[Result "1/2-1/2"]
[WhiteElo "2128"]
[BlackElo "2155"]
[PlyCount "32"]
[EventDate "2018.09.30"]
[EventType "team"]
[EventRounds "11"]
[EventCountry "AUT"]
[WhiteTeam "SK Advisory Invest Baden"]
[BlackTeam "ASVOE VHS Poechlarn"]

1. Nf3 d5 2. g3 Bf5 3. Bg2 Nf6 4. O-O e6 5. d3 h6 6. Nbd2 Be7 7. Qe1 O-O 8. e4
Bh7 9. Qe2 c5 10. Ne5 Nc6 11. Nxc6 bxc6 12. b3 Nd7 13. Bb2 Bf6 14. e5 Be7 15.
f4 Qb6 16. c4 a5  1/2-1/2

[Event "Niederoesterreichische Landesliga"]
[Site "Verschiedene"]
[Date "2018.09.30"]
[Round "1"]
[Board "3"]
[White "Schweitzer, Werner"]
[Black "Perndl, Johann"]
[Result "1-0"]
[WhiteElo "2052"]
[BlackElo "1984"]
[PlyCount "63"]
[EventDate "2018.09.30"]
[EventType "team"]
[EventRounds "11"]
[EventCountry "AUT"]
[WhiteTeam "ASVOE VHS Poechlarn"]
[BlackTeam "SK Advisory Invest Baden"]

1. e4 g6 2. d4 Bg7 3. Be3 d6 4. Nc3 Nc6 5. Qd2 e5 6. d5 Nce7 7. f3 f5 8. Bg5 h6
9. Bh4 Nf6 10. Bc4 a6 11. a3 b5 12. Ba2 O-O 13. Nge2 g5 14. Bf2 fxe4 15. Nxe4
Ng6 16. Be3 Nh4 17. N2g3 Nf5 18. Bf2 Nh4 19. O-O Ng6 20. Nxf6+ Bxf6 21. Nh5 Bh8
22. c4 bxc4 23. Bxc4 Rb8 24. Rae1 Nf4 25. Nxf4 Rxf4 26. Re4 Bf5 27. Rxf4 exf4
28. b4 a5 29. b5 a4 30. Re1 Kf7 31. Bd3 Qf6 32. Qc2  1-0

[Event "Niederoesterreichische Landesliga"]
[Site "Verschiedene"]
[Date "2018.09.30"]
[Round "1"]
[Board "4"]
[White "Herndlbauer, Martin"]
[Black "Kammerer, Roman"]
[Result "0-1"]
[WhiteElo "2058"]
[BlackElo "2074"]
[PlyCount "100"]
[EventDate "2018.09.30"]
[EventType "team"]
[EventRounds "11"]
[EventCountry "AUT"]
[WhiteTeam "SK Advisory Invest Baden"]
[BlackTeam "ASVOE VHS Poechlarn"]

1. Nf3 c5 2. e3 d5 3. d4 e6 4. c4 Nf6 5. a3 Be7 6. dxc5 a5 7. cxd5 Qxd5 8. Bd2
O-O 9. Nc3 Qxc5 10. Na4 Qd6 11. Bc3 Qxd1+ 12. Rxd1 Nd5 13. Rxd5 exd5 14. Nb6
Ra7 15. Bd4 Be6 16. Nxd5 Bxd5 17. Bxa7 Nc6 18. Bb6 Bf6 19. Nd4 Nxd4 20. exd4
Rc8 21. f4 Rc2 22. h4 Rxb2 23. Bxa5 Bxd4 24. Bb4 Rb1+ 25. Kd2 Bc4 26. Bxc4 Rxh1
27. Be7 Bf6 28. Bxf6 gxf6 29. Bd5 b6 30. a4 Rxh4 31. Ke3 Kf8 32. Ke4 Ke7 33.
Bc6 Rh5 34. Bb5 Rc5 35. Kf3 f5 36. Ke3 Rc2 37. Kf3 Kd6 38. Kg3 Ra2 39. Be8 Kc5
40. Bxf7 Rxa4 41. Be6 Kd6 42. Bxf5 h6 43. Kf3 b5 44. Ke3 Kd5 45. g4 Ra3+ 46.
Bd3 b4 47. g5 hxg5 48. fxg5 b3 49. Kd2 Kd4 50. g6 Ra2+  0-1

[Event "Niederoesterreichische Landesliga"]
[Site "Verschiedene"]
[Date "2018.09.30"]
[Round "1"]
[Board "2"]
[White "Pammer, Andreas"]
[Black "Mostbauer, Florian"]
[Result "0-1"]
[WhiteElo "2086"]
[BlackElo "2342"]
[PlyCount "70"]
[EventDate "2018.09.30"]
[EventType "team"]
[EventRounds "11"]
[EventCountry "AUT"]
[WhiteTeam "SGM Bisamberg/Korneuburg"]
[BlackTeam "KSV Boehlerwerk"]

1. c4 c6 2. e4 d5 3. exd5 cxd5 4. d4 Nf6 5. Nc3 Nc6 6. Be3 e6 7. Nf3 Be7 8. c5
O-O 9. Bd3 b6 10. Bb5 Bd7 11. Bxc6 Bxc6 12. Ne5 Qc7 13. Bf4 Qb7 14. Nxc6 Qxc6
15. b4 bxc5 16. bxc5 Ne4 17. Qd3 g5 18. Bg3 Rad8 19. O-O Bf6 20. Rad1 Bg7 21.
Nxe4 dxe4 22. Qe3 h6 23. Bd6 Rfe8 24. f3 exf3 25. Qxf3 Qxf3 26. Rxf3 Bf8 27.
Be5 Rd5 28. Rc3 Rc8 29. Rdc1 Rc6 30. Kf2 Be7 31. Ke3 a6 32. g4 f6 33. Bg3 e5
34. dxe5 fxe5 35. Ke4 Rd4+  0-1

[Event "Niederoesterreichische Landesliga"]
[Site "Verschiedene"]
[Date "2018.09.30"]
[Round "1"]
[Board "3"]
[White "Lovrinovic, Christian"]
[Black "Seidler, Dieter"]
[Result "1-0"]
[WhiteElo "2106"]
[BlackElo "1959"]
[PlyCount "71"]
[EventDate "2018.09.30"]
[EventType "team"]
[EventRounds "11"]
[EventCountry "AUT"]
[WhiteTeam "KSV Boehlerwerk"]
[BlackTeam "SGM Bisamberg/Korneuburg"]

1. d4 e6 2. c4 d5 3. cxd5 exd5 4. Nc3 Nf6 5. Bg5 c6 6. e3 Bd6 7. Bd3 Nbd7 8.
Qc2 h6 9. Bh4 Qc7 10. Nge2 b6 11. Bg3 Bb7 12. Nb5 cxb5 13. Qxc7 Bxc7 14. Bxc7
Rc8 15. Bd6 Ne4 16. Ba3 a6 17. f3 Ng5 18. Kd2 g6 19. Rac1 Nb8 20. Rxc8+ Bxc8
21. Bd6 Nc6 22. Bc7 Ne6 23. Bxb6 Kd7 24. a3 b4 25. e4 Nc7 26. Rc1 bxa3 27. bxa3
Na8 28. Bc5 Na5 29. Rc3 Bb7 30. Nf4 dxe4 31. fxe4 g5 32. Nd5 f5 33. Nf6+ Ke6
34. d5+ Kf7 35. e5 Rc8 36. Bb4  1-0

[Event "Niederoesterreichische Landesliga"]
[Site "Verschiedene"]
[Date "2018.09.30"]
[Round "1"]
[Board "4"]
[White "Merei, David"]
[Black "Ebner, Johann"]
[Result "0-1"]
[WhiteElo "1830"]
[BlackElo "2001"]
[PlyCount "108"]
[EventDate "2018.09.30"]
[EventType "team"]
[EventRounds "11"]
[EventCountry "AUT"]
[WhiteTeam "SGM Bisamberg/Korneuburg"]
[BlackTeam "KSV Boehlerwerk"]

1. e4 e6 2. d4 d5 3. Nc3 dxe4 4. Nxe4 Nd7 5. Nf3 Ngf6 6. Bd3 Nxe4 7. Bxe4 Nf6
8. Bd3 c5 9. O-O cxd4 10. Bb5+ Bd7 11. Bxd7+ Qxd7 12. Qxd4 Qxd4 13. Nxd4 Bc5
14. Nb3 Bd6 15. Rd1 Ke7 16. Bg5 Rhd8 17. Na5 Rd7 18. Nc4 Rad8 19. Nxd6 Rxd6 20.
Rxd6 Rxd6 21. Kf1 Rd5 22. Bxf6+ Kxf6 23. Ke2 Ke5 24. Ke3 g5 25. g3 Kf5 26. h3
h5 27. c4 Re5+ 28. Kd3 g4 29. h4 Re4 30. Rc1 Ke5 31. b4 f5 32. a3 Rd4+ 33. Ke3
f4+ 34. gxf4+ Rxf4 35. c5 Rf3+ 36. Ke2 Rxa3 37. b5 Rb3 38. c6 bxc6 39. bxc6 Rb8
40. Ra1 Rc8 41. Rxa7 Rxc6 42. Ra5+ Kf4 43. Rxh5 Rc2+ 44. Ke1 Kf3 45. Re5 Rxf2
46. Rxe6 Rh2 47. Rf6+ Kg3 48. Rb6 Rh1+ 49. Ke2 Kg2 50. Rh6 g3 51. Rc6 Kh2 52.
Kf3 Kh3 53. Rc3 g2 54. Kf4+ Kxh4  0-1

[Event "Niederoesterreichische Landesliga"]
[Site "Verschiedene"]
[Date "2018.09.30"]
[Round "1"]
[Board "1"]
[White "Morgunov, Daniel"]
[Black "Mikes, Jan"]
[Result "1/2-1/2"]
[WhiteElo "2328"]
[BlackElo "2307"]
[PlyCount "87"]
[EventDate "2018.09.30"]
[EventType "team"]
[EventRounds "11"]
[EventCountry "AUT"]
[WhiteTeam "ASK Kottingbrunn"]
[BlackTeam "SGM Mistelbach/Altlichtenwarth"]

1. e4 c5 2. Nf3 d6 3. Bb5+ Bd7 4. c4 Bxb5 5. cxb5 Nf6 6. Nc3 e6 7. O-O Be7 8.
d4 cxd4 9. Nxd4 O-O 10. Qe2 Nbd7 11. Rd1 Rc8 12. h3 Qc7 13. Be3 Qb8 14. Rac1
Rfe8 15. f3 d5 16. exd5 exd5 17. Qf2 Qe5 18. Nde2 Nb6 19. Bd4 Qh5 20. Kh1 Bd6
21. Bxf6 gxf6 22. Rd4 Bc5 23. Qg3+ Kh8 24. Rh4 Qe5 25. Qg4 Qg5 26. Rd1 Rcd8 27.
Nf4 Be3 28. Qh5 Qxh5 29. Nxh5 Bg5 30. Rhd4 Be3 31. R4d3 d4 32. Nxf6 Re6 33.
Nfe4 Nc4 34. Re1 Rde8 35. Nd1 f5 36. Nc5 Re5 37. b3 Bf4 38. Rxe5 Rxe5 39. g3
Re1+ 40. Kg2 Ne3+ 41. Nxe3 Bxe3 42. h4 Re2+ 43. Kh3 h5 44. Rd1  1/2-1/2

[Event "Niederoesterreichische Landesliga"]
[Site "Verschiedene"]
[Date "2018.09.30"]
[Round "1"]
[Board "2"]
[White "Hofmann, Thomas"]
[Black "Wirius, Johannes"]
[Result "1/2-1/2"]
[WhiteElo "2257"]
[BlackElo "2185"]
[PlyCount "30"]
[EventDate "2018.09.30"]
[EventType "team"]
[EventRounds "11"]
[EventCountry "AUT"]
[WhiteTeam "SGM Mistelbach/Altlichtenwarth"]
[BlackTeam "ASK Kottingbrunn"]

1. d4 Nf6 2. c4 g6 3. Nc3 Bg7 4. e4 d6 5. Be2 O-O 6. Be3 Nbd7 7. Qd2 c5 8. d5
Re8 9. g4 Nb6 10. f3 e6 11. h4 exd5 12. cxd5 Bxg4 13. fxg4 Nxe4 14. Nxe4 Rxe4
15. Bf2 Qf6  1/2-1/2

[Event "Niederoesterreichische Landesliga"]
[Site "Verschiedene"]
[Date "2018.09.30"]
[Round "1"]
[Board "3"]
[White "Miazhynski, Yuri"]
[Black "Gasa, Andrej"]
[Result "0-1"]
[WhiteElo "2151"]
[BlackElo "2282"]
[PlyCount "104"]
[EventDate "2018.09.30"]
[EventType "team"]
[EventRounds "11"]
[EventCountry "AUT"]
[WhiteTeam "ASK Kottingbrunn"]
[BlackTeam "SGM Mistelbach/Altlichtenwarth"]

1. Nf3 d5 2. c4 c6 3. b3 Nf6 4. Bb2 Bf5 5. e3 e6 6. Nc3 Nbd7 7. Be2 h6 8. h3
Bd6 9. a3 O-O 10. g4 Bg6 11. g5 hxg5 12. Nxg5 e5 13. d3 d4 14. Nce4 Nxe4 15.
Nxe4 Bxe4 16. dxe4 c5 17. Bg4 Nf6 18. f3 b5 19. Qd3 Qa5+ 20. Ke2 Rab8 21. Rad1
bxc4 22. Qxc4 Qb5 23. Qxb5 Rxb5 24. b4 a5 25. exd4 exd4 26. Kd3 axb4 27. Kc4
Rfb8 28. a4 Ra5 29. Kb3 Bf4 30. Rd3 Ne8 31. Bxd4 cxd4 32. Rxd4 Bd6 33. Rhd1 Be7
34. f4 Rc5 35. R1d3 Rc1 36. e5 Kf8 37. f5 Ra1 38. Bd1 Ra3+ 39. Kb2 Rxd3 40.
Rxd3 Nc7 41. Bf3 Na6 42. Bc6 Nc5 43. Rf3 Bd8 44. Bb5 Bc7 45. Re3 f6 46. e6 Be5+
47. Kb1 b3 48. Re1 b2 49. Rd1 Ne4 50. Rd7 Nc3+ 51. Kxb2 Nxb5+ 52. Ka2 Nd4  0-1

[Event "Niederoesterreichische Landesliga"]
[Site "Verschiedene"]
[Date "2018.09.30"]
[Round "1"]
[Board "4"]
[White "Teuber, Andreas"]
[Black "Lechner, Daniel"]
[Result "1/2-1/2"]
[WhiteElo "2169"]
[BlackElo "2167"]
[PlyCount "61"]
[EventDate "2018.09.30"]
[EventType "team"]
[EventRounds "11"]
[EventCountry "AUT"]
[WhiteTeam "SGM Mistelbach/Altlichtenwarth"]
[BlackTeam "ASK Kottingbrunn"]

1. d4 Nf6 2. c4 g6 3. g3 d5 4. cxd5 Nxd5 5. Bg2 Bg7 6. Nf3 O-O 7. O-O Nb6 8.
Nc3 Nc6 9. e3 Re8 10. Re1 a5 11. b3 e5 12. dxe5 Nxe5 13. Nd4 Bg4 14. Qd2 c5 15.
Ndb5 Qxd2 16. Bxd2 Red8 17. Bc1 Nd3 18. Rf1 Be2 19. Nxe2 Bxa1 20. Ba3 Bb2 21.
Bxb2 Nxb2 22. Bxb7 Rab8 23. Bf3 Nd3 24. Nec3 Ne5 25. Bg2 c4 26. Nd4 Rbc8 27.
Ncb5 Rc5 28. Be4 Ng4 29. Na7 Nf6 30. Bf3 Rd7 31. Nac6  1/2-1/2

[Event "Niederoesterreichische Landesliga"]
[Site "Verschiedene"]
[Date "2018.09.30"]
[Round "1"]
[Board "1"]
[White "Polak, Tomas"]
[Black "Blatny, Pavel"]
[Result "1/2-1/2"]
[WhiteElo "2503"]
[BlackElo "2336"]
[PlyCount "119"]
[EventDate "2018.09.30"]
[EventType "team"]
[EventRounds "11"]
[EventCountry "AUT"]
[WhiteTeam "SV Stockerau"]
[BlackTeam "SK Zwettl"]

1. d4 d5 2. c4 e6 3. Nc3 Bb4 4. Nf3 Nf6 5. Bg5 h6 6. Bxf6 Qxf6 7. g3 Nc6 8. Bg2
dxc4 9. O-O Bxc3 10. bxc3 e5 11. Qa4 O-O 12. Qxc4 exd4 13. cxd4 Qd6 14. Rfd1
Ne7 15. Rab1 c6 16. Ne5 Rb8 17. Qc5 Rd8 18. Qxd6 Rxd6 19. Nc4 Rd8 20. Na5 Rd6
21. e4 b6 22. e5 Rg6 23. Rdc1 Bf5 24. Rb4 Rc8 25. Nb7 Be6 26. Nd6 Rc7 27. a3
Bd5 28. Bxd5 Nxd5 29. Rbc4 Ne7 30. d5 Nxd5 31. Rxc6 Rxc6 32. Rxc6 Ne7 33. Rc7
Re6 34. Rxa7 Rxe5 35. Ra8+ Kh7 36. Nxf7 Re1+ 37. Kg2 Kg6 38. Nd6 Re6 39. Nc4 b5
40. Ne3 Nc6 41. Ra6 Kf7 42. Nd5 Re5 43. Nf4 Nd4 44. h4 Nc2 45. Kf3 Rc5 46. Ra7+
Kf6 47. Ke4 b4 48. Nd5+ Kg6 49. axb4 Nxb4 50. h5+ Kxh5 51. Nf4+ Kg4 52. Rxg7+
Rg5 53. Rc7 Na6 54. Rc6 Nc5+ 55. Kd4 Kf3 56. Rxh6 Ne4 57. Nh3 Rg4 58. Ke5 Nxg3
59. fxg3 Kxg3 60. Kd5  1/2-1/2

[Event "Niederoesterreichische Landesliga"]
[Site "Verschiedene"]
[Date "2018.09.30"]
[Round "1"]
[Board "2"]
[White "Mozny, Milos"]
[Black "Groetz, Harald"]
[Result "1-0"]
[WhiteElo "2283"]
[BlackElo "2339"]
[PlyCount "119"]
[EventDate "2018.09.30"]
[EventType "team"]
[EventRounds "11"]
[EventCountry "AUT"]
[WhiteTeam "SK Zwettl"]
[BlackTeam "SV Stockerau"]

1. d4 Nf6 2. Nf3 g6 3. g3 Bg7 4. c4 O-O 5. Bg2 d6 6. Nc3 c6 7. O-O Bf5 8. h3
Ne4 9. Ng5 Nxc3 10. bxc3 Qc8 11. Qb3 Na6 12. Kh2 Rb8 13. e4 Bd7 14. a4 b6 15.
f4 b5 16. axb5 cxb5 17. e5 bxc4 18. Qa2 Rb6 19. Re1 Bb5 20. exd6 exd6 21. Re7
h6 22. Nxf7 Be8 23. Rxa7 Bxf7 24. Rxa6 Rb3 25. Bd2 Qb8 26. Ra8 Qb5 27. Rxf8+
Bxf8 28. Qa8 Rb2 29. Ra2 Qb3 30. Rxb2 Qxb2 31. Be1 d5 32. g4 Qc1 33. Bh4 Qxf4+
34. Bg3 Qf6 35. Bxd5 Be6 36. Bd6 Qf2+ 37. Bg2 Kg7 38. Qxf8+ Qxf8 39. Bxf8+ Kxf8
40. Kg3 Ke7 41. Kf4 Kd6 42. h4 Bf7 43. Be4 Be8 44. g5 h5 45. Bb7 Bd7 46. Be4
Be8 47. Ke3 Bf7 48. Kd2 Kc7 49. Kc2 Kb6 50. Kb2 Kb5 51. Ka3 Be8 52. Bb1 Bf7 53.
Bc2 Ka5 54. Ba4 Bd5 55. Be8 Be4 56. d5 Kb6 57. d6 Bf5 58. Kb4 Bd3 59. Bb5 Bf5
60. d7  1-0

[Event "Niederoesterreichische Landesliga"]
[Site "Verschiedene"]
[Date "2018.09.30"]
[Round "1"]
[Board "3"]
[White "Schmid, Thomas"]
[Black "Mlynek, Petr"]
[Result "1-0"]
[WhiteElo "2141"]
[BlackElo "2092"]
[PlyCount "119"]
[EventDate "2018.09.30"]
[EventType "team"]
[EventRounds "11"]
[EventCountry "AUT"]
[WhiteTeam "SV Stockerau"]
[BlackTeam "SK Zwettl"]

1. e4 c6 2. Nc3 d5 3. Nf3 Bg4 4. h3 Bxf3 5. Qxf3 Nf6 6. d4 dxe4 7. Qe3 e6 8.
Nxe4 Nxe4 9. Qxe4 Nd7 10. Be2 Nf6 11. Qd3 Bd6 12. O-O h6 13. c4 O-O 14. Rd1 Bc7
15. Be3 Qd6 16. g3 Rfd8 17. Rac1 Rd7 18. Qb3 Rb8 19. Bf3 a6 20. Qc3 Qe7 21. b4
Bd6 22. Rb1 Rc8 23. a4 e5 24. c5 Bb8 25. dxe5 Bxe5 26. Rxd7 Nxd7 27. Qd2 Rd8
28. Rd1 Bc7 29. Qc3 Ne5 30. Rxd8+ Qxd8 31. Be2 Qd5 32. f4 Qa2 33. Kf2 Nd7 34.
Bd4 f6 35. Qc4+ Qxc4 36. Bxc4+ Kf8 37. Kf3 Ke7 38. h4 Nf8 39. h5 Ne6 40. Bc3 a5
41. Ke4 axb4 42. Bxb4 Bb8 43. Kf5 Nc7 44. Bc3 Ba7 45. Bd4 Na6 46. Bxa6 bxa6 47.
Kg6 Kf8 48. g4 Bb8 49. g5 Bxf4 50. gxf6 gxf6 51. Bxf6 Be3 52. Bg7+ Kg8 53. Bxh6
Bxc5 54. Bg7 Be3 55. h6 Bxh6 56. Bxh6 c5 57. Kf6 c4 58. Ke7 c3 59. Kd7 Kf7 60.
a5  1-0

[Event "Niederoesterreichische Landesliga"]
[Site "Verschiedene"]
[Date "2018.09.30"]
[Round "1"]
[Board "4"]
[White "Vykydal, Frantisek"]
[Black "Piringer, Florian"]
[Result "1/2-1/2"]
[WhiteElo "2089"]
[BlackElo "2124"]
[PlyCount "50"]
[EventDate "2018.09.30"]
[EventType "team"]
[EventRounds "11"]
[EventCountry "AUT"]
[WhiteTeam "SK Zwettl"]
[BlackTeam "SV Stockerau"]

1. e4 e5 2. Nf3 Nc6 3. Bb5 Nf6 4. Bxc6 dxc6 5. d3 Nd7 6. Nbd2 Bd6 7. Nc4 O-O 8.
O-O Re8 9. b3 f6 10. Bb2 c5 11. a4 a5 12. Nxd6 cxd6 13. Nd2 Nb8 14. f4 Nc6 15.
Nc4 exf4 16. Rxf4 Be6 17. Ne3 d5 18. exd5 Bxd5 19. Nf5 Ne5 20. d4 Ng6 21. Rf2
c4 22. bxc4 Bxc4 23. Qd2 Ne7 24. Ne3 Rc8 25. Ba3 Nd5  1/2-1/2

[Event "Niederoesterreichische Landesliga"]
[Site "Verschiedene"]
[Date "2018.09.30"]
[Round "1"]
[Board "1"]
[White "Sandhoefner, Florian"]
[Black "Khalakhan, Jurij"]
[Result "1/2-1/2"]
[WhiteElo "2332"]
[BlackElo "2219"]
[PlyCount "79"]
[EventDate "2018.09.30"]
[EventType "team"]
[EventRounds "11"]
[EventCountry "AUT"]
[WhiteTeam "SV Amstetten"]
[BlackTeam "SGM Litschau/Eisgarn"]

1. e4 c5 2. Nf3 e6 3. d4 cxd4 4. Nxd4 Nc6 5. Nc3 Qc7 6. Be2 a6 7. O-O Nf6 8.
Be3 Bb4 9. Na4 O-O 10. Nxc6 bxc6 11. Nb6 Rb8 12. Nxc8 Rfxc8 13. Bxa6 Rd8 14.
Bd3 Bd6 15. f4 e5 16. f5 Rxb2 17. g4 Qa5 18. g5 Bc5 19. Bxc5 Qxc5+ 20. Kh1 Ne8
21. Qh5 d5 22. Rae1 dxe4 23. Rxe4 Rd4 24. g6 Nf6 25. Rxd4 Qxd4 26. gxf7+ Kf8
27. Qe2 Qd5+ 28. Kg1 Rb4 29. h3 Rh4 30. Qg2 Nh5 31. Qxd5 cxd5 32. Re1 e4 33.
Bf1 Rf4 34. a4 Rxf5 35. a5 Rxf7 36. a6 Ra7 37. Rb1 Nf6 38. Kf2 d4 39. Rb4 d3
40. cxd3  1/2-1/2

[Event "Niederoesterreichische Landesliga"]
[Site "Verschiedene"]
[Date "2018.09.30"]
[Round "1"]
[Board "2"]
[White "Bauer, Thomas"]
[Black "Rumpl, Erwin"]
[Result "1/2-1/2"]
[WhiteElo "2171"]
[BlackElo "2293"]
[PlyCount "26"]
[EventDate "2018.09.30"]
[EventType "team"]
[EventRounds "11"]
[EventCountry "AUT"]
[WhiteTeam "SGM Litschau/Eisgarn"]
[BlackTeam "SV Amstetten"]

1. e4 e6 2. d4 d5 3. Bd3 c5 4. exd5 exd5 5. Nf3 c4 6. Be2 Nf6 7. O-O Be7 8. b3
cxb3 9. axb3 Bg4 10. c4 O-O 11. h3 Bh5 12. Nc3 Bb4 13. Bb2 Nc6  1/2-1/2

[Event "Niederoesterreichische Landesliga"]
[Site "Verschiedene"]
[Date "2018.09.30"]
[Round "1"]
[Board "4"]
[White "Schuh, Patrick"]
[Black "Rechberger, Franz"]
[Result "0-1"]
[WhiteElo "2088"]
[BlackElo "2106"]
[PlyCount "70"]
[EventDate "2018.09.30"]
[EventType "team"]
[EventRounds "11"]
[EventCountry "AUT"]
[WhiteTeam "SGM Litschau/Eisgarn"]
[BlackTeam "SV Amstetten"]

1. d4 Nf6 2. c4 e6 3. Nc3 Bb4 4. Qc2 d5 5. cxd5 exd5 6. Bg5 h6 7. Bh4 c5 8.
dxc5 g5 9. Bg3 Ne4 10. e3 Qf6 11. Rc1 Nc6 12. Bb5 Bf5 13. Bd3 Qg6 14. Rd1 d4
15. exd4 O-O-O 16. Nge2 Nxd4 17. Nxd4 Rxd4 18. Be5 Rxd3 19. Qxd3 Nxc3 20. Qc4
Nxd1+ 21. Kxd1 Rd8+ 22. Bd6 Ba5 23. Kc1 Qe6 24. Qxe6+ Bxe6 25. a3 Bc7 26. Be7
Bf4+ 27. Kb1 Rd2 28. g3 Be5 29. b4 Bf5+ 30. Kc1 Ra2 31. Re1 Bc3 32. Re4 Bxe4
33. Kd1 Bd3 34. Bxg5 hxg5 35. c6 Ra1#  0-1

[Event "Niederoesterreichische Landesliga"]
[Site "Verschiedene"]
[Date "2018.10.14"]
[Round "2"]
[Board "1"]
[White "Vyskocil, Neklan"]
[Black "Sandhoefner, Florian"]
[Result "1/2-1/2"]
[WhiteElo "2315"]
[BlackElo "2332"]
[PlyCount "39"]
[EventDate "2018.09.30"]
[EventType "team"]
[EventRounds "11"]
[EventCountry "AUT"]
[WhiteTeam "SK Zwettl"]
[BlackTeam "SV Amstetten"]

1. Nf3 Nf6 2. g3 d5 3. Bg2 c6 4. O-O Bf5 5. d3 e6 6. Nbd2 Be7 7. Qe1 h6 8. e4
Bh7 9. Qe2 O-O 10. Re1 a5 11. e5 Nfd7 12. Nf1 c5 13. c4 Nc6 14. cxd5 exd5 15.
e6 Nf6 16. Bh3 fxe6 17. Bxe6+ Kh8 18. Ne3 Nd4 19. Nxd4 cxd4 20. Ng2  1/2-1/2

[Event "Niederoesterreichische Landesliga"]
[Site "Verschiedene"]
[Date "2018.10.14"]
[Round "2"]
[Board "2"]
[White "Rumpl, Erwin"]
[Black "Mlynek, Petr"]
[Result "1/2-1/2"]
[WhiteElo "2293"]
[BlackElo "2092"]
[PlyCount "52"]
[EventDate "2018.09.30"]
[EventType "team"]
[EventRounds "11"]
[EventCountry "AUT"]
[WhiteTeam "SV Amstetten"]
[BlackTeam "SK Zwettl"]

1. Nf3 d5 2. c4 c6 3. g3 dxc4 4. Bg2 Nf6 5. Na3 Bf5 6. Nxc4 e6 7. O-O Be7 8. d3
O-O 9. h3 h6 10. Qb3 b6 11. g4 Bh7 12. g5 hxg5 13. Nxg5 Bf5 14. e4 Bg6 15. f4
Bh5 16. Bf3 Nbd7 17. Be3 Nc5 18. Bxc5 Bxc5+ 19. Kh1 Bxf3+ 20. Rxf3 Nh5 21. Ne5
Qd6 22. Raf1 Rae8 23. Nc4 Qe7 24. Ne5 Qd6 25. Nc4 Qe7 26. Ne5 Qd6  1/2-1/2

[Event "Niederoesterreichische Landesliga"]
[Site "Verschiedene"]
[Date "2018.10.14"]
[Round "2"]
[Board "3"]
[White "Vykydal, Frantisek"]
[Black "Rechberger, Franz"]
[Result "1/2-1/2"]
[WhiteElo "2089"]
[BlackElo "2106"]
[PlyCount "72"]
[EventDate "2018.09.30"]
[EventType "team"]
[EventRounds "11"]
[EventCountry "AUT"]
[WhiteTeam "SK Zwettl"]
[BlackTeam "SV Amstetten"]

1. e4 e5 2. Nf3 Nc6 3. Bb5 a6 4. Ba4 Nf6 5. Bxc6 dxc6 6. d3 Bd6 7. Nbd2 Nd7 8.
Nc4 Qe7 9. O-O Nf8 10. h3 Ng6 11. d4 O-O 12. dxe5 Nxe5 13. Nfxe5 Bxe5 14. Nxe5
Qxe5 15. Re1 Qf6 16. c3 Be6 17. Qd3 Qg6 18. Bf4 Rad8 19. Qe3 Rd7 20. Red1 Rfd8
21. Rxd7 Rxd7 22. Qa7 h5 23. Qe3 c5 24. Re1 b6 25. a3 c4 26. Qg3 Qxg3 27. fxg3
Kf8 28. Kf2 Ke8 29. Ke2 Re7 30. Kf2 Bc8 31. e5 Bb7 32. Bg5 Rd7 33. e6 fxe6 34.
Rxe6+ Kf7 35. Re1 Kg6 36. Bf4 Kf6  1/2-1/2

[Event "Niederoesterreichische Landesliga"]
[Site "Verschiedene"]
[Date "2018.10.14"]
[Round "2"]
[Board "4"]
[White "Wadsack, Wolfgang"]
[Black "Janetschek, Karl"]
[Result "1/2-1/2"]
[WhiteElo "2165"]
[BlackElo "2178"]
[PlyCount "39"]
[EventDate "2018.09.30"]
[EventType "team"]
[EventRounds "11"]
[EventCountry "AUT"]
[WhiteTeam "SV Amstetten"]
[BlackTeam "SK Zwettl"]

1. e4 c5 2. c3 Nf6 3. e5 Nd5 4. d4 cxd4 5. cxd4 e6 6. a3 d6 7. Nf3 Nc6 8. Bd3
Be7 9. O-O O-O 10. Qe2 Bd7 11. Qe4 g6 12. Bh6 f5 13. exf6 Rxf6 14. Nc3 Nxc3 15.
bxc3 Qa5 16. Rab1 Nd8 17. c4 Rf7 18. d5 e5 19. Bd2 Qc7 20. Ng5  1/2-1/2

[Event "Niederoesterreichische Landesliga"]
[Site "Verschiedene"]
[Date "2018.10.14"]
[Round "2"]
[Board "1"]
[White "Hofmann, Thomas"]
[Black "Bures, Jaroslav"]
[Result "1/2-1/2"]
[WhiteElo "2257"]
[BlackElo "2410"]
[PlyCount "99"]
[EventDate "2018.09.30"]
[EventType "team"]
[EventRounds "11"]
[EventCountry "AUT"]
[WhiteTeam "SGM Mistelbach/Altlichtenwarth"]
[BlackTeam "SV Stockerau"]

1. d4 d5 2. c4 c6 3. Nc3 Nf6 4. cxd5 cxd5 5. f3 e6 6. e4 dxe4 7. fxe4 Bb4 8.
Bb5+ Bd7 9. Bxd7+ Qxd7 10. e5 Nd5 11. Nge2 Nc6 12. O-O O-O 13. a3 Ba5 14. Kh1
Bb6 15. Na4 Rad8 16. Bg5 f6 17. exf6 gxf6 18. Nxb6 axb6 19. Bh6 Rf7 20. Qe1
Nde7 21. Rd1 Nf5 22. Be3 Nce7 23. Bg1 Nd5 24. Nc3 Rg7 25. Qe4 Kf7 26. Rde1 Qc6
27. Rf3 Nxc3 28. bxc3 Qxe4 29. Rxe4 Nd6 30. Ref4 Rg6 31. d5 exd5 32. Rb4 b5 33.
Bc5 Ke6 34. Re3+ Kd7 35. Bxd6 Kxd6 36. Rxb5 Kc6 37. a4 Rg4 38. Re6+ Rd6 39.
Rxd6+ Kxd6 40. Rxb7 Rxa4 41. Kg1 Ra3 42. Rxh7 Rxc3 43. Kf2 Ke5 44. Re7+ Kf4 45.
g3+ Kg4 46. Rg7+ Kf5 47. h4 d4 48. Rd7 Ke4 49. Re7+ Kf5 50. Rd7  1/2-1/2